000
00316 a2200157 4500
001
162225
020
_a
040
_c
Magnum
100
_a
Mazzetti, Maria
240
1
0
_a
Parou paradinho
_l
por
245
1
0
_a
Parou paradinho
362
0
_a
1899
440
1
_a
Ao Livro Técnico
697
_a
I/GERAL
942
_c
BK
999
_c
162225
_d
162225